Quantitative methods for valuation of financial assets / (Record no. 345538)
[ view plain ]
| 000 -LEADER | |
|---|---|
| fixed length control field | 01156 a2200217 4500 |
| 020 ## - INTERNATIONAL STANDARD BOOK NUMBER | |
| International Standard Book Number | 0761994076 |
| 020 ## - INTERNATIONAL STANDARD BOOK NUMBER | |
| International Standard Book Number | 9780761994077 |
| 082 04 - DEWEY DECIMAL CLASSIFICATION NUMBER | |
| Classification number | 332.632042 |
| 090 ## - LOCALLY ASSIGNED LC-TYPE CALL NUMBER (OCLC); LOCAL CALL NUMBER (RLIN) | |
| -- | 3048 |
| -- | 3048 |
| 100 1# - MAIN ENTRY--PERSONAL NAME | |
| Personal name | Ramasastri, A. |
| 245 10 - TITLE STATEMENT | |
| Title | Quantitative methods for valuation of financial assets / |
| Statement of responsibility, etc. | A Ramasastri. |
| 260 ## - PUBLICATION, DISTRIBUTION, ETC. | |
| Place of publication, distribution, etc. | [S.l.] : |
| Name of publisher, distributor, etc. | SAGE Publications Pvt. Ltd, |
| Date of publication, distribution, etc. | 2000. |
| 300 ## - PHYSICAL DESCRIPTION | |
| Extent | 204 p. ; |
| Dimensions | 22 cm. |
| 490 1# - SERIES STATEMENT | |
| Series statement | Response books. |
| 500 ## - GENERAL NOTE | |
| General note | Hardcover. |
| 520 ## - SUMMARY, ETC. | |
| Summary, etc. | Quantitative Methods for Valuation of Financial Assets is a comprehensive guide to the valuation of bonds, equity, portfolios and options. A S Ramasastri writes in a reader-friendly style, using an interactive question and answer format. Each chapter provides basic background to quantitative methods and application examples. Step-by-step procedures for using spreadsheets to solve example problems with Microsoft Excel are included. |
| 830 #0 - SERIES ADDED ENTRY--UNIFORM TITLE | |
| Uniform title | Response books. |
| 856 40 - ELECTRONIC LOCATION AND ACCESS | |
| Materials specified | Amazon.com |
| Uniform Resource Identifier | <a href="http://www.amazon.com/exec/obidos/ASIN/0761994076/chopaconline-20">http://www.amazon.com/exec/obidos/ASIN/0761994076/chopaconline-20</a> |
| 856 40 - ELECTRONIC LOCATION AND ACCESS | |
| Materials specified | Amazon customer reviews |
| Uniform Resource Identifier | <a href="http://www.chopac.org/cgi-bin/tools/azrev.pl?q=0761994076">http://www.chopac.org/cgi-bin/tools/azrev.pl?q=0761994076</a> |
| 942 ## - ADDED ENTRY ELEMENTS (KOHA) | |
| Institution code [OBSOLETE] | NBS |
| Koha item type | Book |
| Call number prefix | 332.632042 RAM |
| Withdrawn status | Lost status | Damaged status | Not for loan | Permanent Location | Current Location | Date acquired | Total Checkouts | Full call number | Barcode | Date last seen | Date last checked out | Price effective from | Koha item type |
|---|---|---|---|---|---|---|---|---|---|---|---|---|---|
| Central Library (CL) | Central Library (CL) | 08/28/2013 | 1 | 332.632042 RAM | NBS6888 | 11/22/2017 | 08/03/2017 | 08/28/2013 | Book |
